| 000 | 010340000a22003250004500 | ||
|---|---|---|---|
| 999 |
_c44968 _d44968 |
||
| 001 | 768714001 | ||
| 003 | CO-MdFUSB | ||
| 005 | 20190202100323.0 | ||
| 008 | 170801t1995 sp ||||| |||| 00| 0 spa d | ||
| 020 | _a978-84-8169-037-8 | ||
| 040 |
_aCO-MdFUSB _bspa _cCO-MdFUSB _dCO-MdFUSBC _erda |
||
| 041 | _aspa | ||
| 082 | 0 | 4 |
_a225.03 _224 _bV648 |
| 100 | 1 |
_aVidal Manzanares, César _eautor |
|
| 245 | 0 | 0 |
_aDiccionario de Jesús y los evangelios _c / César Vidal Manzanares |
| 250 | _a3 | ||
| 264 | 1 |
_aEspaña : _bVerbo Divino, _c[1995] |
|
| 264 | 4 | _c©1995 | |
| 300 |
_a398 páginas _b: ilustraciones _c; 22 cm. |
||
| 336 |
_2rdacontent _a1 _ba1 |
||
| 337 |
_2rdamedia _a2 _b5 |
||
| 338 |
_2rdacarrier _a2 _b5 |
||
| 501 | _aRústico | ||
| 505 | 0 | 0 | _aTérminos definidos -- Índice de abreviaturas |
| 600 | 0 | 7 |
_aJesucristo _vDiccionarios |
| 630 | 0 | 7 |
_aBiblia. _pEvangelios _vDiccionarios |
| 650 | 1 | 4 | _aBIBLIA - DICCIONARIOS \ BIBLIA N.T. - EVANGELIOS SINOPTICOS - DICCIONARIO |
| 650 | 0 |
_aBiblia _vDiccionarios _916 |
|
| 942 | _cREF | ||